Cd̤igos de conducta y prštamos hipotecarios

Detalles Bibliográficos
Autor principal: Da̕z Ruiz, Emilio
Formato: eBook
Lenguaje:español
Publicado: Madrid: Dykinson, 2013
Materias:
Acceso en línea:Acceso restringido

MARC

LEADER 00000nam a22000007a 4500
005 2014060205475.0
007 cr|||| ||||
008 140602s2013 es |||||s|||| 00||0 spa d
020 |a 978-84-9031-457-9 
035 |a 12170 
040 |a vLex 
090 |c 4965  |d 4965 
100 1 |a Da̕z Ruiz, Emilio 
245 1 0 |a Cd̤igos de conducta y prštamos hipotecarios  |h [Recurso electrn̤ico] /  |c Emilio Da̕z Ruiz 
256 |a Servicio en ln̕ea 
260 |a Madrid:  |b Dykinson,  |c 2013 
300 |a 1 recurso electrn̤ico 
500 |a La presente obra recoge, puestas al da̕, las ponencias presentadas en la Jornada sobre Cd̤igos de conducta y prštamos hipotecarios. En la referida jornada, profesores de diversas universidades espaǫlas y profesionales vinculados a la prc̀tica de los prštamos y crďitos hipotecarios tuvimos la oportunidad de revisar las diversas cuestiones que afectan al mercado hipotecario y los consumidores en los momentos actuales, especialmente tras la publicacin̤ del Real Decreto-Ley 6/2012 que puede ser el inicio de un relevante protagonismo de los cd̤igos de conducta en este m̀bito. Estas pg̀inas resumen lo que all ̕se dijo, con la pretensin̤ de que puedan ser de utilidad a quienes tengan la oportunidad de leerlas. 
506 1 |a Disponible solo en los productos indicados  |d vLex Global  |d vLex Global (Academic Edition, excluding Law Schools)  |d vLex Global (U.S. Academic Edition, Law Schools)  |d vLex Global (U.S. Academic Edition, excluding Law Schools)  |d vLex Global (Academic Edition, Law Schools) 
650 0 4 |a Derecho Civil  |z Espaą 
650 0 4 |a Financiero  |z Espaą 
740 0 |a vLex Libros (Servicio en ln̕ea) 
856 4 0 |u http://vlex.com/source/codigos-de-conducta-y-prestamos-hipotecarios-12170  |z Acceso restringido 
942 |c BOOK 
999 0 |a Civil Law 
999 0 |a Financial